| 000 | 00590cam a2200181 a 4500 | ||
|---|---|---|---|
| 020 | _a013216003X | ||
| 082 | 0 |
_a511.3 _bKOL _cNUST,P-43 |
|
| 100 | 1 |
_aKolman, Bernard, _938800 |
|
| 245 | 1 | 0 |
_aDiscrete mathematical structures for computer science / _cBernard Kolman, Robert C. Busby. |
| 250 | _a3rd ed. | ||
| 260 |
_aEnglewood Cliffs, N.J. : _bPrentice-Hall, _c1996. |
||
| 300 |
_a524p. : _bill. ; _c25 cm. |
||
| 526 |
_a0 _b0 _c0 _d511_300000000000000_KOL |
||
| 650 | 0 |
_aComputer science _xMathematics. _917957 |
|
| 650 | 0 |
_aNUST _96342 |
|
| 700 | 1 |
_aBusby, Robert C. _939077 |
|
| 942 |
_2ddc _cBK |
||
| 999 |
_c543640 _d543640 |
||